=LDR 00000nam 2200000 4500 =001 INLIS000000000031840 =005 20130612133902 =008 ***********************************ind** =035 ##$$0010-061300000031840 =041 ##$$a ind =082 ##$$a 347 =090 ##$$a R.347, Ind u =245 ##$$a Undang-Undang Republik Indonesia No 4 Tahun 2004 Tentang Kekuasaan Kehakiman =260 ##$$a [Sa] $b Surabaya =300 ##$$a iv,116 hlm, 21 cm =650 ##$$a KEKUASAAN KEHAKIMAN =850 ##$$a NBPNMAT